00275nam a2200109Ia 4500008004100000100001600041245005500057260000900112650001700121942001200138999001500150150531s2010 xx 000 0 und d aUPPAL,SWATI aFIXED PARTIAL DENTURE AS A SPLINT FOR PERIODONTICS c2010 aPERIODONTICS 2ddccTH c7408d7408